[Event "I Open Internacional Ateneo Maritimo"]
[Site "Valencia C/La reina, 68"]
[Date "2017.05.20"]
[Round "3.3"]
[White "Kovacevic, Slobodan"]
[Black "Valmana Canto, Jaime"]
[Result "1-0"]
[WhiteElo "2304"]
[BlackElo "2356"]
[PlyCount "107"]
[EventDate "2017.??.??"]

1. d4 {[%clk 0:07:04]} 1... d6 {[%clk 0:06:57]} 2. Nf3 {[%clk 0:07:00]} 2...
Nf6 {[%clk 0:06:56]} 3. Bg5 {[%clk 0:06:59]} 3... Nbd7 {[%clk 0:06:56]} 4. Nbd2
{[%clk 0:07:00]} 4... h6 {[%clk 0:06:52]} 5. Bh4 {[%clk 0:07:01]} 5... g5 {
[%clk 0:06:51]} 6. Bg3 {[%clk 0:07:02]} 6... Nh5 {[%clk 0:06:48]} 7. e4 {
[%clk 0:07:04]} 7... Bg7 {[%clk 0:06:43]} 8. c3 {[%clk 0:07:05]} 8... e6 {
[%clk 0:06:34]} 9. Nc4 {[%clk 0:07:06]} 9... b6 {[%clk 0:06:12]} 10. Nfd2 {
[%clk 0:07:03]} 10... Nxg3 {[%clk 0:06:12]} 11. hxg3 {[%clk 0:07:04]} 11... Bb7
{[%clk 0:06:08]} 12. Ne3 {[%clk 0:06:59]} 12... Qe7 {[%clk 0:05:37]} 13. Be2 {
[%clk 0:06:49]} 13... Nf6 {[%clk 0:04:54]} 14. Qa4+ {[%clk 0:06:48]} 14... Qd7
{[%clk 0:04:13]} 15. Bb5 {[%clk 0:06:46]} 15... c6 {[%clk 0:04:14]} 16. Bd3 {
[%clk 0:06:48]} 16... O-O {[%clk 0:03:32]} 17. O-O {[%clk 0:06:22]} 17... c5 {
[%clk 0:03:27]} 18. Qxd7 {[%clk 0:05:35]} 18... Nxd7 {[%clk 0:03:28]} 19. d5 {
[%clk 0:05:37]} 19... Nf6 {[%clk 0:02:03]} 20. Bc4 {[%clk 0:05:05]} 20... Rfe8
{[%clk 0:01:31]} 21. Rfe1 {[%clk 0:04:53]} 21... a6 {[%clk 0:01:30]} 22. a4 {
[%clk 0:04:54]} 22... exd5 {[%clk 0:01:10]} 23. exd5 {[%clk 0:04:09]} 23... Re5
{[%clk 0:01:04]} 24. Nf3 {[%clk 0:03:44]} 24... Re4 {[%clk 0:01:06]} 25. Bd3 {
[%clk 0:03:45]} 25... Ree8 {[%clk 0:01:08]} 26. c4 {[%clk 0:03:37]} 26... Nd7 {
[%clk 0:01:06]} 27. Rab1 {[%clk 0:03:26]} 27... Ne5 {[%clk 0:01:07]} 28. Nxe5 {
[%clk 0:02:51]} 28... Rxe5 {[%clk 0:01:09]} 29. Kf1 {[%clk 0:02:44]} 29... Rae8
{[%clk 0:01:10]} 30. Nf5 {[%clk 0:02:31]} 30... Bf8 {[%clk 0:00:42]} 31. Rxe5 {
[%clk 0:02:29]} 31... Rxe5 {[%clk 0:00:44]} 32. b4 {[%clk 0:02:30]} 32... Bc8 {
[%clk 0:00:46]} 33. Ne3 {[%clk 0:02:19]} 33... Bd7 {[%clk 0:00:40]} 34. bxc5 {
[%clk 0:02:12]} 34... bxc5 {[%clk 0:00:42]} 35. a5 {[%clk 0:02:14]} 35... Re8 {
[%clk 0:00:39]} 36. Rb7 {[%clk 0:02:13]} 36... Bc8 {[%clk 0:00:37]} 37. Rb6 {
[%clk 0:02:05]} 37... Kg7 {[%clk 0:00:22]} 38. g4 {[%clk 0:02:04]} 38... Kf6 {
[%clk 0:00:22]} 39. Bf5 {[%clk 0:02:05]} 39... Ke5 {[%clk 0:00:14]} 40. Bxc8 {
[%clk 0:01:53]} 40... Rxc8 {[%clk 0:00:16]} 41. Rxa6 {[%clk 0:01:54]} 41... Kd4
{[%clk 0:00:17]} 42. Ra7 {[%clk 0:01:54]} 42... Bg7 {[%clk 0:00:14]} 43. Nf5+ {
[%clk 0:01:56]} 43... Kxc4 {[%clk 0:00:16]} 44. Nxg7 {[%clk 0:01:58]} 44...
Kxd5 {[%clk 0:00:16]} 45. Rxf7 {[%clk 0:01:59]} 45... c4 {[%clk 0:00:18]} 46.
Nf5 {[%clk 0:02:00]} 46... c3 {[%clk 0:00:18]} 47. Ne3+ {[%clk 0:02:02]} 47...
Ke6 {[%clk 0:00:20]} 48. Rh7 {[%clk 0:02:02]} 48... c2 {[%clk 0:00:22]} 49.
Nxc2 {[%clk 0:02:03]} 49... Rxc2 {[%clk 0:00:24]} 50. Rxh6+ {[%clk 0:02:06]}
50... Ke5 {[%clk 0:00:19]} 51. g3 {[%clk 0:02:06]} 51... Rc4 {[%clk 0:00:15]}
52. Rg6 {[%clk 0:01:58]} 52... Ke4 {[%clk 0:00:04]} 53. Rxg5 {[%clk 0:02:00]}
53... Kf3 {[%clk 0:00:06]} 54. Rf5+ {[%clk 0:01:59]} 1-0

[Event "I Open Internacional Ateneo Maritimo"]
[Site "Valencia C/La reina, 68"]
[Date "2017.05.20"]
[Round "3.4"]
[White "Garcia Fernandez, Carlos"]
[Black "Diaz Velandia, Jose Manuel"]
[Result "0-1"]
[WhiteElo "2285"]
[BlackElo "2345"]
[PlyCount "70"]
[EventDate "2017.??.??"]

1. e4 {[%clk 0:07:04]} 1... c6 {[%clk 0:07:05]} 2. c4 {[%clk 0:07:05]} 2... d5
{[%clk 0:07:06]} 3. exd5 {[%clk 0:07:05]} 3... cxd5 {[%clk 0:07:08]} 4. cxd5 {
[%clk 0:07:06]} 4... Qxd5 {[%clk 0:07:10]} 5. Nc3 {[%clk 0:06:58]} 5... Qd8 {
[%clk 0:07:12]} 6. Bc4 {[%clk 0:06:47]} 6... e6 {[%clk 0:07:14]} 7. Nf3 {
[%clk 0:06:44]} 7... Nf6 {[%clk 0:07:15]} 8. O-O {[%clk 0:06:43]} 8... Be7 {
[%clk 0:07:17]} 9. d4 {[%clk 0:06:44]} 9... O-O {[%clk 0:07:18]} 10. Qe2 {
[%clk 0:06:38]} 10... a6 {[%clk 0:07:19]} 11. Bg5 {[%clk 0:05:44]} 11... b5 {
[%clk 0:07:11]} 12. Bd3 {[%clk 0:05:19]} 12... Bb7 {[%clk 0:07:10]} 13. Rad1 {
[%clk 0:05:11]} 13... Nbd7 {[%clk 0:07:12]} 14. a3 {[%clk 0:04:57]} 14... Rc8 {
[%clk 0:07:13]} 15. Ne5 {[%clk 0:04:47]} 15... Nb6 {[%clk 0:06:26]} 16. Bb1 {
[%clk 0:04:33]} 16... Nbd5 {[%clk 0:05:16]} 17. Rd3 {[%clk 0:03:43]} 17... Nxc3
{[%clk 0:05:13]} 18. bxc3 {[%clk 0:03:44]} 18... Ne4 {[%clk 0:04:02]} 19. Bxe7
{[%clk 0:03:21]} 19... Qxe7 {[%clk 0:04:04]} 20. Rh3 {[%clk 0:03:19]} 20... f5
{[%clk 0:03:48]} 21. Bxe4 {[%clk 0:03:00]} 21... Bxe4 {[%clk 0:03:35]} 22. Re1
{[%clk 0:02:37]} 22... g6 {[%clk 0:03:17]} 23. Rg3 {[%clk 0:02:31]} 23... Kg7 {
[%clk 0:02:48]} 24. Qh5 {[%clk 0:02:10]} 24... Rf6 {[%clk 0:02:28]} 25. Qh4 {
[%clk 0:01:44]} 25... Rc7 {[%clk 0:01:55]} 26. Rh3 {[%clk 0:01:36]} 26... Kg8 {
[%clk 0:01:47]} 27. f3 {[%clk 0:00:51]} 27... Bd5 {[%clk 0:01:49]} 28. f4 {
[%clk 0:00:46]} 28... Rf8 {[%clk 0:00:59]} 29. Qg3 {[%clk 0:00:31]} 29... Qf6 {
[%clk 0:00:55]} 30. Rh6 {[%clk 0:00:28]} 30... Rg7 {[%clk 0:00:50]} 31. h4 {
[%clk 0:00:26]} 31... Rc8 {[%clk 0:00:52]} 32. Kh2 {[%clk 0:00:22]} 32... Qf8 {
[%clk 0:00:52]} 33. Re3 {[%clk 0:00:14]} 33... Qxa3 34. Qe1 {[%clk 0:00:13]}
34... Qf8 {[%clk 0:00:44]} 35. h5 {[%clk 0:00:11]} 35... Rgc7 0-1

[Event "I Open Internacional Ateneo Maritimo"]
[Site "Valencia C/La reina, 68"]
[Date "2017.05.20"]
[Round "3.5"]
[White "Garcia Molla, Victor"]
[Black "Sanchez Saez, Francisco"]
[Result "1-0"]
[WhiteElo "2344"]
[BlackElo "2265"]
[PlyCount "63"]
[EventDate "2017.??.??"]

1. d4 {[%clk 0:07:04]} 1... Nf6 {[%clk 0:07:04]} 2. c4 {[%clk 0:07:05]} 2... c5
{[%clk 0:07:06]} 3. d5 {[%clk 0:07:06]} 3... e6 {[%clk 0:07:08]} 4. Nc3 {
[%clk 0:07:07]} 4... exd5 {[%clk 0:07:09]} 5. cxd5 {[%clk 0:07:08]} 5... d6 {
[%clk 0:07:10]} 6. e4 {[%clk 0:07:07]} 6... g6 {[%clk 0:07:11]} 7. Nge2 {
[%clk 0:07:04]} 7... Bg7 {[%clk 0:07:07]} 8. Ng3 {[%clk 0:07:04]} 8... O-O {
[%clk 0:07:06]} 9. Be2 {[%clk 0:07:06]} 9... Nbd7 {[%clk 0:06:09]} 10. O-O {
[%clk 0:07:06]} 10... h5 {[%clk 0:06:10]} 11. Bg5 {[%clk 0:06:54]} 11... Qb6 {
[%clk 0:06:12]} 12. Qd2 {[%clk 0:06:54]} 12... Nh7 {[%clk 0:06:11]} 13. Be3 {
[%clk 0:06:45]} 13... h4 {[%clk 0:06:11]} 14. Nh1 {[%clk 0:06:47]} 14... h3 {
[%clk 0:06:10]} 15. g3 {[%clk 0:06:39]} 15... Ne5 {[%clk 0:05:59]} 16. f3 {
[%clk 0:06:36]} 16... f5 {[%clk 0:05:56]} 17. Nf2 {[%clk 0:06:03]} 17... Bd7 {
[%clk 0:05:03]} 18. Rab1 {[%clk 0:05:57]} 18... Rae8 {[%clk 0:05:03]} 19. b4 {
[%clk 0:05:42]} 19... fxe4 {[%clk 0:03:05]} 20. Nfxe4 {[%clk 0:05:21]} 20...
Bf5 {[%clk 0:03:04]} 21. bxc5 {[%clk 0:05:05]} 21... Qa5 {[%clk 0:03:05]} 22.
Rb5 {[%clk 0:04:49]} 22... Qa3 {[%clk 0:02:46]} 23. Rxb7 {[%clk 0:04:27]} 23...
Bxe4 {[%clk 0:02:28]} 24. Nxe4 {[%clk 0:04:18]} 24... Nxf3+ {[%clk 0:01:57]}
25. Bxf3 {[%clk 0:04:09]} 25... Rxe4 {[%clk 0:01:57]} 26. Rxg7+ {[%clk 0:03:56]
} 26... Kxg7 {[%clk 0:01:58]} 27. Bh6+ {[%clk 0:03:56]} 27... Kg8 {
[%clk 0:01:55]} 28. Bxf8 {[%clk 0:03:49]} 28... Qxc5+ {[%clk 0:01:47]} 29. Kh1
{[%clk 0:03:49]} 29... Rd4 {[%clk 0:01:39]} 30. Qf2 {[%clk 0:02:42]} 30... Nxf8
{[%clk 0:01:23]} 31. Be4 {[%clk 0:02:36]} 31... Kh7 {[%clk 0:00:16]} 32. Qxf8 {
[%clk 0:02:19]} 1-0

[Event "I Open Internacional Ateneo Maritimo"]
[Site "Valencia C/La reina, 68"]
[Date "2017.05.20"]
[Round "3.6"]
[White "Granero Roca, Antonio"]
[Black "Galvan, Jesus"]
[Result "0-1"]
[WhiteElo "2396"]
[BlackElo "2309"]
[PlyCount "116"]
[EventDate "2017.??.??"]

1. d4 {[%clk 0:07:03]} 1... d6 {[%clk 0:07:06]} 2. Nf3 {[%clk 0:07:02]} 2... f5
{[%clk 0:07:01]} 3. g3 {[%clk 0:07:03]} 3... Nf6 {[%clk 0:07:03]} 4. Bg2 {
[%clk 0:07:04]} 4... g6 {[%clk 0:07:05]} 5. O-O {[%clk 0:07:04]} 5... Bg7 {
[%clk 0:07:06]} 6. c3 {[%clk 0:07:06]} 6... O-O {[%clk 0:07:06]} 7. a4 {
[%clk 0:07:08]} 7... a5 {[%clk 0:07:07]} 8. Nbd2 {[%clk 0:07:03]} 8... Kh8 {
[%clk 0:07:05]} 9. Qc2 {[%clk 0:07:02]} 9... Nc6 {[%clk 0:07:05]} 10. Rd1 {
[%clk 0:06:49]} 10... Qe8 {[%clk 0:07:05]} 11. b3 {[%clk 0:06:45]} 11... e5 {
[%clk 0:07:07]} 12. dxe5 {[%clk 0:06:39]} 12... dxe5 {[%clk 0:07:08]} 13. Ba3 {
[%clk 0:06:33]} 13... Rf7 {[%clk 0:07:04]} 14. Nc4 {[%clk 0:06:25]} 14... e4 {
[%clk 0:06:43]} 15. Ng5 {[%clk 0:06:20]} 15... Rd7 {[%clk 0:06:44]} 16. f3 {
[%clk 0:06:03]} 16... h6 {[%clk 0:06:19]} 17. Nh3 {[%clk 0:06:04]} 17... Rxd1+
{[%clk 0:06:21]} 18. Rxd1 {[%clk 0:06:06]} 18... Be6 {[%clk 0:06:22]} 19. Nf4 {
[%clk 0:05:59]} 19... Bxc4 {[%clk 0:05:04]} 20. bxc4 {[%clk 0:06:00]} 20... Ne5
{[%clk 0:04:02]} 21. Qb3 {[%clk 0:05:50]} 21... Rd8 {[%clk 0:03:12]} 22. Nd5 {
[%clk 0:05:29]} 22... c6 {[%clk 0:02:18]} 23. Nxf6 {[%clk 0:05:24]} 23... Rxd1+
{[%clk 0:02:05]} 24. Qxd1 {[%clk 0:05:25]} 24... Bxf6 {[%clk 0:02:08]} 25. fxe4
{[%clk 0:05:21]} 25... Nxc4 {[%clk 0:01:53]} 26. Bc1 {[%clk 0:05:23]} 26...
fxe4 {[%clk 0:00:43]} 27. Qc2 {[%clk 0:05:15]} 27... Qe5 {[%clk 0:00:33]} 28.
Bxe4 {[%clk 0:04:25]} 28... Qc5+ {[%clk 0:00:32]} 29. e3 {[%clk 0:03:42]} 29...
Kg7 {[%clk 0:00:12]} 30. Qd3 {[%clk 0:03:33]} 30... Ne5 {[%clk 0:00:09]} 31.
Qc2 {[%clk 0:03:25]} 31... h5 {[%clk 0:00:11]} 32. Kg2 {[%clk 0:03:21]} 32...
h4 {[%clk 0:00:13]} 33. Bd2 {[%clk 0:03:10]} 33... Ng4 {[%clk 0:00:15]} 34. Qd3
{[%clk 0:02:40]} 34... h3+ {[%clk 0:00:15]} 35. Kg1 {[%clk 0:02:40]} 35... Ne5
36. Qe2 {[%clk 0:02:19]} 36... Qc4 {[%clk 0:00:12]} 37. Qxc4 {[%clk 0:01:46]}
37... Nxc4 {[%clk 0:00:14]} 38. Bc1 {[%clk 0:01:33]} 38... Bxc3 {[%clk 0:00:15]
} 39. Bd3 {[%clk 0:01:26]} 39... Bd2 {[%clk 0:00:08]} 40. Bxd2 {[%clk 0:01:13]}
40... Nxd2 {[%clk 0:00:10]} 41. Kf2 {[%clk 0:01:13]} 41... Nb3 {[%clk 0:00:12]}
42. Bc2 {[%clk 0:01:05]} 42... Nc5 {[%clk 0:00:15]} 43. Kf3 {[%clk 0:00:50]}
43... Kf6 {[%clk 0:00:16]} 44. Kf4 {[%clk 0:00:30]} 44... b5 {[%clk 0:00:17]}
45. e4 {[%clk 0:00:32]} 45... g5+ {[%clk 0:00:12]} 46. Ke3 {[%clk 0:00:23]}
46... Ke5 {[%clk 0:00:13]} 47. Bd1 {[%clk 0:00:20]} 47... b4 {[%clk 0:00:14]}
48. Bc2 {[%clk 0:00:17]} 48... b3 {[%clk 0:00:15]} 49. Bb1 {[%clk 0:00:19]}
49... Nxa4 {[%clk 0:00:17]} 50. Kd3 {[%clk 0:00:21]} 50... Nc5+ {[%clk 0:00:15]
} 51. Kc4 {[%clk 0:00:19]} 51... Nxe4 {[%clk 0:00:17]} 52. Kxb3 {[%clk 0:00:19]
} 52... Nxg3 {[%clk 0:00:18]} 53. Bd3 {[%clk 0:00:11]} 53... Ne4 {
[%clk 0:00:19]} 54. Bf1 {[%clk 0:00:11]} 54... g4 {[%clk 0:00:21]} 55. Be2 {
[%clk 0:00:10]} 55... g3 {[%clk 0:00:22]} 56. hxg3 {[%clk 0:00:08]} 56... Nxg3
{[%clk 0:00:25]} 57. Bf3 {[%clk 0:00:10]} 57... h2 {[%clk 0:00:26]} 58. Bxc6 {
[%clk 0:00:12]} 58... Ne4 {[%clk 0:00:26]} 0-1

[Event "I Open Internacional Ateneo Maritimo"]
[Site "Valencia C/La reina, 68"]
[Date "2017.05.20"]
[Round "4.1"]
[White "Garcia Molla, Victor"]
[Black "Plaskett, H James"]
[Result "0-1"]
[WhiteElo "2344"]
[BlackElo "2455"]
[PlyCount "30"]
[EventDate "2017.??.??"]

1. d4 {[%clk 0:07:04]} 1... Nf6 {[%clk 0:07:05]} 2. c4 {[%clk 0:07:05]} 2... e6
{[%clk 0:07:04]} 3. Nc3 {[%clk 0:07:06]} 3... Bb4 {[%clk 0:07:06]} 4. Bg5 {
[%clk 0:07:02]} 4... h6 {[%clk 0:07:07]} 5. Bh4 {[%clk 0:07:04]} 5... c5 {
[%clk 0:07:04]} 6. d5 {[%clk 0:07:06]} 6... b5 {[%clk 0:07:00]} 7. e3 {
[%clk 0:07:06]} 7... Bb7 {[%clk 0:06:49]} 8. Qf3 {[%clk 0:06:41]} 8... bxc4 {
[%clk 0:04:58]} 9. Bxc4 {[%clk 0:05:20]} 9... g5 {[%clk 0:03:30]} 10. Bg3 {
[%clk 0:05:16]} 10... Nxd5 {[%clk 0:03:26]} 11. Be5 {[%clk 0:04:15]} 11... Rg8
{[%clk 0:02:16]} 12. O-O-O {[%clk 0:03:24]} 12... Bxc3 {[%clk 0:02:06]} 13.
bxc3 {[%clk 0:03:17]} 13... Nc6 {[%clk 0:01:59]} 14. Bd6 {[%clk 0:02:57]} 14...
Nxc3 {[%clk 0:01:44]} 15. Qh5 {[%clk 0:02:32]} 15... Qf6 {[%clk 0:01:45]} 0-1

[Event "I Open Internacional Ateneo Maritimo"]
[Site "Valencia C/La reina, 68"]
[Date "2017.05.20"]
[Round "4.4"]
[White "Cruz Lledo, Pablo"]
[Black "Sos Andreu, Eric"]
[Result "1-0"]
[WhiteElo "2435"]
[BlackElo "2353"]
[PlyCount "199"]
[EventDate "2017.??.??"]

1. d4 {[%clk 0:07:02]} 1... Nf6 {[%clk 0:07:04]} 2. c4 {[%clk 0:07:04]} 2... g6
{[%clk 0:07:06]} 3. Nc3 {[%clk 0:07:06]} 3... d5 {[%clk 0:07:07]} 4. Nf3 {
[%clk 0:07:08]} 4... Bg7 {[%clk 0:07:08]} 5. Bg5 {[%clk 0:07:09]} 5... Ne4 {
[%clk 0:07:09]} 6. cxd5 {[%clk 0:07:11]} 6... Nxg5 7. Nxg5 {[%clk 0:07:11]}
7... e6 {[%clk 0:07:12]} 8. Qd2 {[%clk 0:07:13]} 8... h6 {[%clk 0:07:13]} 9.
Nh3 {[%clk 0:07:14]} 9... exd5 {[%clk 0:07:14]} 10. Nf4 {[%clk 0:07:06]} 10...
c6 {[%clk 0:07:10]} 11. g3 {[%clk 0:06:56]} 11... O-O {[%clk 0:07:07]} 12. Bg2
{[%clk 0:06:58]} 12... Re8 {[%clk 0:06:54]} 13. O-O {[%clk 0:06:58]} 13... Nd7
{[%clk 0:06:54]} 14. e3 {[%clk 0:06:33]} 14... Nf6 {[%clk 0:06:52]} 15. b4 {
[%clk 0:06:35]} 15... a6 {[%clk 0:06:31]} 16. a4 {[%clk 0:06:37]} 16... g5 {
[%clk 0:05:55]} 17. Nd3 {[%clk 0:06:30]} 17... Bf5 {[%clk 0:05:53]} 18. b5 {
[%clk 0:06:23]} 18... Qa5 {[%clk 0:04:50]} 19. Nc5 {[%clk 0:05:44]} 19... axb5
{[%clk 0:04:47]} 20. Nxb7 {[%clk 0:05:36]} 20... Qc7 {[%clk 0:04:48]} 21. Nc5 {
[%clk 0:05:34]} 21... bxa4 {[%clk 0:04:36]} 22. N3xa4 {[%clk 0:05:11]} 22...
Ra7 {[%clk 0:04:30]} 23. Nb2 {[%clk 0:04:53]} 23... Rea8 {[%clk 0:04:05]} 24.
Rxa7 {[%clk 0:04:55]} 24... Qxa7 {[%clk 0:04:01]} 25. Nbd3 {[%clk 0:04:57]}
25... Nd7 {[%clk 0:03:46]} 26. Rc1 {[%clk 0:04:30]} 26... Nb6 {[%clk 0:03:39]}
27. Nb4 {[%clk 0:04:00]} 27... Nc4 {[%clk 0:03:25]} 28. Qe1 {[%clk 0:03:54]}
28... Qb6 {[%clk 0:02:34]} 29. Nxd5 {[%clk 0:03:15]} 29... cxd5 {[%clk 0:02:16]
} 30. Bxd5 {[%clk 0:03:16]} 30... Re8 {[%clk 0:02:13]} 31. Bxc4 {[%clk 0:01:32]
} 31... Bxd4 {[%clk 0:02:10]} 32. Bd3 {[%clk 0:01:17]} 32... Bc8 {
[%clk 0:00:44]} 33. Na4 {[%clk 0:00:44]} 33... Qa7 {[%clk 0:00:21]} 34. Qd1 {
[%clk 0:00:33]} 34... Bxe3 {[%clk 0:00:15]} 35. Rc2 {[%clk 0:00:12]} 35... Qxa4
{[%clk 0:00:11]} 36. fxe3 {[%clk 0:00:14]} 36... Qa7 {[%clk 0:00:09]} 37. Qf3 {
[%clk 0:00:09]} 37... Bb7 {[%clk 0:00:06]} 38. Qf5 {[%clk 0:00:09]} 38... Qxe3+
{[%clk 0:00:05]} 39. Rf2 {[%clk 0:00:11]} 39... Qe6 {[%clk 0:00:05]} 40. Qh7+ {
[%clk 0:00:09]} 40... Kf8 {[%clk 0:00:08]} 41. Qh8+ {[%clk 0:00:08]} 41... Ke7
{[%clk 0:00:09]} 42. Qd4 {[%clk 0:00:08]} 42... Kf8 {[%clk 0:00:07]} 43. Qh8+ {
[%clk 0:00:11]} 43... Ke7 {[%clk 0:00:10]} 44. Qd4 {[%clk 0:00:12]} 44... Kf8 {
[%clk 0:00:07]} 45. Qh8+ {[%clk 0:00:12]} 45... Ke7 {[%clk 0:00:08]} 46. Qd4 {
[%clk 0:00:14]} 46... Kf8 {[%clk 0:00:07]} 47. Qh8+ {[%clk 0:00:15]} 47... Ke7
{[%clk 0:00:07]} 48. Qd4 {[%clk 0:00:17]} 48... Kf8 {[%clk 0:00:08]} 49. Bc4 {
[%clk 0:00:07]} 49... Qe1+ {[%clk 0:00:08]} 50. Rf1 {[%clk 0:00:10]} 50... Qe3+
{[%clk 0:00:04]} 51. Qxe3 {[%clk 0:00:11]} 51... Rxe3 {[%clk 0:00:06]} 52.
Rxf7+ {[%clk 0:00:13]} 52... Ke8 {[%clk 0:00:08]} 53. Rxb7 {[%clk 0:00:18]}
53... Rc3 {[%clk 0:00:12]} 54. Bd5 {[%clk 0:00:15]} 54... Rd3 {[%clk 0:00:13]}
55. Bg2 {[%clk 0:00:13]} 55... Kf8 {[%clk 0:00:15]} 56. Bf1 {[%clk 0:00:10]}
56... Rd2 {[%clk 0:00:17]} 57. Rh7 {[%clk 0:00:10]} 57... Rd6 {[%clk 0:00:17]}
58. Kf2 {[%clk 0:00:12]} 58... Kg8 {[%clk 0:00:19]} 59. Rc7 {[%clk 0:00:12]}
59... h5 {[%clk 0:00:08]} 60. Bc4+ {[%clk 0:00:13]} 60... Kh8 {[%clk 0:00:09]}
61. Ke3 {[%clk 0:00:15]} 61... Rf6 {[%clk 0:00:11]} 62. Bd3 {[%clk 0:00:16]}
62... Kg8 {[%clk 0:00:07]} 63. Rh7 {[%clk 0:00:15]} 63... Re6+ {[%clk 0:00:04]}
64. Kd2 {[%clk 0:00:17]} 64... h4 {[%clk 0:00:05]} 65. gxh4 {[%clk 0:00:18]}
65... gxh4 {[%clk 0:00:07]} 66. Rxh4 {[%clk 0:00:20]} 66... Rf6 {[%clk 0:00:09]
} 67. Ke3 {[%clk 0:00:20]} 67... Kg7 {[%clk 0:00:11]} 68. Rh7+ {[%clk 0:00:18]}
68... Kg8 {[%clk 0:00:12]} 69. Rh4 {[%clk 0:00:20]} 69... Kg7 {[%clk 0:00:14]}
70. Be4 {[%clk 0:00:22]} 70... Kg8 {[%clk 0:00:10]} 71. Rg4+ {[%clk 0:00:23]}
71... Kh8 {[%clk 0:00:12]} 72. h4 {[%clk 0:00:24]} 72... Rf7 {[%clk 0:00:10]}
73. h5 {[%clk 0:00:17]} 73... Rf6 {[%clk 0:00:12]} 74. Kd4 {[%clk 0:00:15]}
74... Rf8 {[%clk 0:00:05]} 75. Ke3 {[%clk 0:00:06]} 75... Rg8 {[%clk 0:00:07]}
76. Bg6 {[%clk 0:00:08]} 76... Rf8 {[%clk 0:00:08]} 77. Ke4 {[%clk 0:00:09]}
77... Kg7 {[%clk 0:00:10]} 78. Ke5 {[%clk 0:00:10]} 78... Kh6 {[%clk 0:00:12]}
79. Ra4 {[%clk 0:00:06]} 79... Rf1 {[%clk 0:00:09]} 80. Ra7 {[%clk 0:00:09]}
80... Re1+ {[%clk 0:00:11]} 81. Kf4 {[%clk 0:00:11]} 81... Rf1+ {[%clk 0:00:12]
} 82. Kg3 {[%clk 0:00:13]} 82... Rg1+ {[%clk 0:00:10]} 83. Kf2 {[%clk 0:00:15]}
83... Rd1 {[%clk 0:00:09]} 84. Rh7+ {[%clk 0:00:15]} 84... Kg5 {[%clk 0:00:11]}
85. Rh8 {[%clk 0:00:11]} 85... Kf6 {[%clk 0:00:08]} 86. Rh7 {[%clk 0:00:12]}
86... Kg5 {[%clk 0:00:10]} 87. Be8 {[%clk 0:00:11]} 87... Rd8 {[%clk 0:00:09]}
88. Re7 {[%clk 0:00:11]} 88... Kf6 {[%clk 0:00:11]} 89. Re3 {[%clk 0:00:11]}
89... Kg7 {[%clk 0:00:12]} 90. Kg3 {[%clk 0:00:11]} 90... Rd4 {[%clk 0:00:13]}
91. Re7+ {[%clk 0:00:06]} 91... Kh8 {[%clk 0:00:11]} 92. Bg6 {[%clk 0:00:06]}
92... Rd6 {[%clk 0:00:12]} 93. Kf4 {[%clk 0:00:07]} 93... Rd5 {[%clk 0:00:14]}
94. Bf5 {[%clk 0:00:07]} 94... Rd1 {[%clk 0:00:10]} 95. Kg5 {[%clk 0:00:09]}
95... Rg1+ {[%clk 0:00:09]} 96. Kh6 {[%clk 0:00:08]} 96... Kg8 97. Bg6 {
[%clk 0:00:04]} 97... Rf1 {[%clk 0:00:05]} 98. Re8+ {[%clk 0:00:04]} 98... Rf8
{[%clk 0:00:05]} 99. Rxf8+ {[%clk 0:00:06]} 99... Kxf8 {[%clk 0:00:07]} 100.
Kh7 {[%clk 0:00:09]} 1-0

[Event "I Open Internacional Ateneo Maritimo"]
[Site "Valencia C/La reina, 68"]
[Date "2017.05.20"]
[Round "4.6"]
[White "Tejedor Barber, Lorenzo"]
[Black "Torres Sanchez, Jose"]
[Result "0-1"]
[WhiteElo "2050"]
[BlackElo "2336"]
[PlyCount "68"]
[EventDate "2017.??.??"]

1. e4 {[%clk 0:07:03]} 1... c5 {[%clk 0:07:04]} 2. Nc3 {[%clk 0:07:05]} 2... e6
{[%clk 0:07:05]} 3. Nf3 {[%clk 0:07:07]} 3... a6 {[%clk 0:07:02]} 4. d4 {
[%clk 0:07:08]} 4... cxd4 {[%clk 0:07:04]} 5. Nxd4 {[%clk 0:07:10]} 5... Qc7 {
[%clk 0:06:47]} 6. Bd3 {[%clk 0:07:11]} 6... Bc5 {[%clk 0:06:40]} 7. Nb3 {
[%clk 0:07:07]} 7... Be7 {[%clk 0:06:30]} 8. O-O {[%clk 0:07:05]} 8... Nf6 {
[%clk 0:06:32]} 9. Qf3 {[%clk 0:06:54]} 9... Nc6 {[%clk 0:06:20]} 10. Qg3 {
[%clk 0:06:07]} 10... Qxg3 {[%clk 0:06:19]} 11. hxg3 {[%clk 0:06:07]} 11... b5
{[%clk 0:06:19]} 12. f4 {[%clk 0:05:54]} 12... d6 {[%clk 0:06:10]} 13. a4 {
[%clk 0:05:22]} 13... b4 {[%clk 0:06:09]} 14. Ne2 {[%clk 0:05:21]} 14... Bb7 {
[%clk 0:06:04]} 15. Bd2 {[%clk 0:04:50]} 15... O-O {[%clk 0:06:03]} 16. Rae1 {
[%clk 0:04:52]} 16... Rfd8 {[%clk 0:05:39]} 17. Ned4 {[%clk 0:04:25]} 17...
Nxd4 {[%clk 0:05:31]} 18. Nxd4 {[%clk 0:04:27]} 18... d5 {[%clk 0:05:31]} 19.
e5 {[%clk 0:04:21]} 19... Ne4 {[%clk 0:05:32]} 20. Bxe4 {[%clk 0:04:08]} 20...
dxe4 {[%clk 0:05:33]} 21. Be3 {[%clk 0:04:10]} 21... Rac8 {[%clk 0:05:07]} 22.
Rf2 {[%clk 0:03:57]} 22... g6 {[%clk 0:04:56]} 23. Rd2 {[%clk 0:03:55]} 23...
h5 {[%clk 0:04:52]} 24. Red1 {[%clk 0:03:56]} 24... Bd5 {[%clk 0:04:49]} 25.
Kf2 {[%clk 0:03:22]} 25... Rc4 {[%clk 0:04:50]} 26. b3 {[%clk 0:02:47]} 26...
Rc3 {[%clk 0:04:40]} 27. Ne2 {[%clk 0:02:48]} 27... Rc6 {[%clk 0:04:25]} 28.
Nd4 {[%clk 0:02:49]} 28... Rc7 {[%clk 0:04:23]} 29. g4 {[%clk 0:02:26]} 29...
hxg4 {[%clk 0:04:20]} 30. Kg3 {[%clk 0:02:28]} 30... Rc3 {[%clk 0:04:08]} 31.
Re2 {[%clk 0:01:14]} 31... f5 {[%clk 0:04:05]} 32. exf6 {[%clk 0:00:49]} 32...
Bxf6 {[%clk 0:04:07]} 33. Kxg4 {[%clk 0:00:44]} 33... e5 {[%clk 0:04:09]} 34.
fxe5 {[%clk 0:00:09]} 34... Bxe5 {[%clk 0:04:09]} 0-1